O que é que eu posso fazer? (Record no. 171232)

MARC details
000 -LÍDER
campo de controle de tamanho fixo 00386 a2200169 4500
001 - NÚMERO DE CONTROLE
campo de controle 171232
020 ## - ISBN - INTERNATIONAL STANDARD BOOK NUMBER
ISBN - International Standard Book Number 85-357-0245-8
040 ## - FONTE DA CATALOGAÇÃO
Instituição que transcreveu o registro Magnum
100 ## - ENTRADA PRINCIPAL--NOME PESSOAL
Nome pessoal Martinelli, Tânia Alexandre
240 10 - TÍTULO UNIFORME
Título uniforme O que é que eu posso fazer?
Idioma da obra por
245 10 - TÍTULO
Título O que é que eu posso fazer?
300 ## - DESCRIÇÃO FÍSICA
Extensão 119
362 0# - DATAS DE PUBLICAÇÃO E/OU DESIGNAÇÃO SEQUENCIAL
Datas de publicação e/ou designação sequencial 2002
440 #1 - DECLARAÇÃO DE SÉRIE/ENTRADA ADICIONADA--TÍTULO
Título Atual
697 ## - ENTRADA DE ASSUNTO LOCAL--ENTIDADE COLETIVA (RLIN)
Nome corporativo ou nome da jurisdição LITERATURA JUVENIL
942 ## - ELEMENTOS DE ENTRADA ADICIONADOS (KOHA)
Tipo de material Koha Livros
Holdings
Situação do descarte Situação das perdas Situação física Não pode ser emprestado Biblioteca de origem Biblioteca atual Data de aquisição Total de empréstimos Número de chamada completo Código de barras Data de último acesso Data do preço efetivo Tipo de material Koha
        Magnum Magnum 08/06/2024   869.3.599 MAG00016311 08/06/2024 08/06/2024 Livros
        Magnum Magnum 08/06/2024   869.3.599 MAG00016312 08/06/2024 08/06/2024 Livros
        Magnum Magnum 08/06/2024   869.3.599 MAG00016313 08/06/2024 08/06/2024 Livros